000 01708nam a2200505 i 4500
001 5742
003 KOSZ 005
005 20221130090300.0
008 970513s1992 pl f f |000 0 pol
015 _aPB 1992/8382
020 _a8320808987
035 _a991001465049705066
035 _a(PL-WaBN)b10421129-48omnis_nlop
035 _ab10421129
035 _a(OCoLC)834076724
035 _a(PL)b0000001042112
035 _a(EXLNZ-48OMNIS_NETWORK)9910361450605606
040 _aWA N
_cWA N
_dKOSZ 005/EG
041 1 _apol
_heng
046 _k1992
080 _a005.1
080 _a005.574
100 1 _aBlanchard, Kenneth H.
_d(1939- )
_eAutor
245 1 0 _aJednominutowy menedżer /
_cKenneth Blanchard, Spencer Johnson ; przeł. [z ang.] i wstępem opatrzyła Monika Kostera.
246 1 _iTyt. oryg.:
_aOne minute manager,
_f1983
260 _aWarszawa :
_bPańst. Wydaw. Ekonomiczne,
_c1992.
300 _a105, [3] s. ;
_c20 cm.
336 _2rdacontent
_aTekst
_btxt
337 _2rdamedia
_aBez urządzenia pośredniczącego
_bn
338 _2rdacarrier
_aWolumin
_bnc
380 _aKsiążki
388 _a1901-2000
388 _a1989-2000
500 _aTyt. oryg.: The one minute manager.
650 7 _aZarządzanie
_2DBN
650 7 _aMenedżerowie
655 7 _aPoradniki
_2DBN
658 _aZarządzanie i marketing
700 1 _aJohnson, Spencer
_eAutor
710 2 _aPaństwowe Wydawnictwo Ekonomiczne
_4pbl
700 1 _aKostera, Monika
_d(1963- )
_ePrzedmowa
856 _uhttp://koha.tu.koszalin.pl/cgi-bin/koha/opac-detail.pl?biblionumber=5742
_yKatalog online BPK
942 _2UKD
_cKS
999 _c5742
_d5742